000 00329nam a22001337a 4500
008 170821b xxu||||| |||| 00| 0 eng d
020 _a9780131411166
041 _aeng
080 _22ND
_a51
100 _a37
101 _aMAT
245 _aELEMENTARY AND INTERMEDIATE ALGEBRA FOR COLLEGE STUDENTS
_cANGEL,A.R
942 _2udc
_cBK
999 _c24211
_d24211